Normal view
MARC view
- Simon S B
Entry Personal Name
001 - CONTROL NUMBER
- control field: 214925
003 - CONTROL NUMBER IDENTIFIER
- control field: OSt
005 - DATE AND TIME OF LATEST TRANSACTION
- control field: 20251113233744.0
008 - FIXED-LENGTH DATA ELEMENTS
- fixed length control field: 251113|| aca||aabn | a|a d
040 ## - CATALOGING SOURCE
- Original cataloging agency: OSt
- Transcribing agency: OSt
100 ## - HEADING--PERSONAL NAME
- Personal name: Simon S B
670 ## - SOURCE DATA FOUND
- Source citation: Work cat.: (OSt)86488: Simon S B, Getting unstuck-breaking through your barriers to change, 1989